LEADER 00876nam0 2200277 450 001 000031279 005 20130304154725.0 010 $a84-306-2133-4 100 $a20120307d1982----km-y0itaa50------ba 101 0 $aspa 102 $aES 200 1 $aOctavio Paz$fedicion de Pere Gimferrer 210 $aMadrid$cTaurus$d1982 215 $a309 p.$d22 cm 225 2 $aPersiles$v133 410 0$12001$aPersiles$v133 700 1$aGimferrer,$bPere$0293012 801 0$aIT$bUniversità della Basilicata - B.I.A.$gREICAT$2unimarc 912 $a000031279 996 $aOctavio Paz$994247 997 $aUNIBAS BAS $aLETTERE CAT $aSTD073$b00$c20120307$lBAS01$h1308 CAT $aMDL$b30$c20130304$lBAS01$h1547 FMT Z30 -1$lBAS01$LBAS01$mBOOK$1BASA1$APolo Storico-Umanistico$2GEN$BCollezione generale$3FP/17385$617385$5L17385$820120307$f02$FPrestabile Generale LEADER 02866nam 22004695 450 001 9910427696403321 005 20251113191938.0 010 $a3-030-63820-0 024 7 $a10.1007/978-3-030-63820-7 035 $a(CKB)4100000011586066 035 $a(DE-He213)978-3-030-63820-7 035 $a(MiAaPQ)EBC6403006 035 $a(PPN)252504208 035 $a(EXLCZ)994100000011586066 100 $a20201118d2020 u| 0 101 0 $aeng 135 $aurnn|008mamaa 181 $ctxt$2rdacontent 182 $cc$2rdamedia 183 $acr$2rdacarrier 200 10$aNeural Information Processing $e27th International Conference, ICONIP 2020, Bangkok, Thailand, November 18?22, 2020, Proceedings, Part IV /$fedited by Haiqin Yang, Kitsuchart Pasupa, Andrew Chi-Sing Leung, James T. Kwok, Jonathan H. Chan, Irwin King 205 $a1st ed. 2020. 210 1$aCham :$cSpringer International Publishing :$cImprint: Springer,$d2020. 215 $a1 online resource (XXIX, 844 p. 252 illus., 220 illus. in color.) 225 1 $aCommunications in Computer and Information Science,$x1865-0937 ;$v1332 311 08$a3-030-63819-7 327 $aData Mining -- Healthcare Analytics-Improving Healthcare Outcomes using Big Data Analytics -- Human Activity Recognition -- Image Processing and Computer Vision -- Natural Language Processing -- Recommender Systems -- The 13th International Workshop on Artificial Intelligence and Cybersecurity. 330 $aThe two-volume set CCIS 1332 and 1333 constitutes thoroughly refereed contributions presented at the 27th International Conference on Neural Information Processing, ICONIP 2020, held in Bangkok, Thailand, in November 2020.* For ICONIP 2020 a total of 378 papers was carefully reviewed and selected for publication out of 618 submissions. The 191 papers included in this volume set were organized in topical sections as follows: data mining; healthcare analytics-improving healthcare outcomes using big data analytics; human activity recognition; image processing and computer vision; natural language processing; recommender systems; the 13th international workshop on artificial intelligence and cybersecurity; computational intelligence; machine learning; neural network models; robotics and control; and time series analysis. * The conference was held virtually due to the COVID-19 pandemic. 410 0$aCommunications in Computer and Information Science,$x1865-0937 ;$v1332 606 $aPattern recognition systems 606 $aAutomated Pattern Recognition 615 0$aPattern recognition systems. 615 14$aAutomated Pattern Recognition. 676 $a006.32 702 $aYang$b Haiqin 801 0$bMiAaPQ 801 1$bMiAaPQ 801 2$bMiAaPQ 906 $aBOOK 912 $a9910427696403321 996 $aNeural Information Processing$92554499 997 $aUNINA